<?xml version="1.0" encoding="UTF-8"?>
<marc:record xmlns:marc="http://www.loc.gov/MARC21/slim">
   <marc:leader>00000nam a2200000 a 4500</marc:leader>
   <marc:datafield ind1="1" ind2=" " tag="100">
      <marc:subfield code="a">Nöstlinger, Christine</marc:subfield>
      <marc:subfield code="4">aut</marc:subfield>
      <marc:subfield code="e">Verfasser/-in</marc:subfield>
   </marc:datafield>
   <marc:datafield ind1="0" ind2="0" tag="245">
      <marc:subfield code="a">Der liebe Herr Teufel</marc:subfield>
   </marc:datafield>
   <marc:datafield ind1=" " ind2="1" tag="264">
      <marc:subfield code="b">Jugend und Volk</marc:subfield>
      <marc:subfield code="c">1987</marc:subfield>
   </marc:datafield>
   <marc:datafield ind1="1" ind2=" " tag="520">
      <marc:subfield code="a">Für Leser, die sich in der Hölle nicht gut auskennen: Alle Höllenbewohner sind eine große Familie mit dem Nachnamen Teufel.
Der Chef der Hölle heißt mit Vornamen: Luzifer. Er hat eine Frau und eine Großmutter und ungeheuer viele Kinder. Die Frau heißt Fulminaria, den Vornamen der Großmutter weiß man nicht mehr. Seit Ewigkeiten nämlich ist sie schon Großmutter, und kein Teufel kann sich an die Zeit erinnern, wo die Großmutter noch jung war und noch nicht Großmutter genannt wurde. (Teufel sind sehr vergesslich!)
Außerdem gibt es in der Hölle: Oberteufel, Mittelteufel und Unterteufel. Ferner: Furien (weibliche Halbteufel), Kammerdiener, Köche und Standesbeamte.</marc:subfield>
   </marc:datafield>
   <marc:datafield ind1="3" ind2=" " tag="024">
      <marc:subfield code="a">3714117032</marc:subfield>
   </marc:datafield>
</marc:record>
